¿Privatización o privación de la seguridad? /
Tallennettuna:
| Päätekijä: | |
|---|---|
| Aineistotyyppi: | Teksti |
| Aiheet: | |
| Tagit: |
Lisää tagi
Ei tageja, Lisää ensimmäinen tagi!
|
MARC
| LEADER | 00000 a a2200000 04500 | ||
|---|---|---|---|
| 001 | 9675 | ||
| 003 | |||
| 040 | |||
| 100 | |a Rosas, María Cristina | ||
| 245 | |a ¿Privatización o privación de la seguridad? / |c María Cristina Rosas | ||
| 650 | |a SEGURIDAD | ||
| 650 | |a PRIVATIZACION | ||
| 650 | |a ARMAMENTISMO | ||
| 650 | |a DEMANDA DE CONSUMO | ||
| 650 | |a MILITARISMO | ||
| 650 | |a GLOBALIZACION | ||
| 650 | |a NEOLIBERALISMO | ||
| 650 | |a DEFENSA | ||
| 650 | |a CONSUMO PRIVADO | ||
| 773 | |g volumen 8, número 35; páginas 88-97 | ||
| 999 | |c 21671 |d 21671 | ||
